000 00479nam a2200193Ia 4500
003 GCL
005 20240530100333.0
008 140319s9999 xx 000 0 eng d
040 _aGCL /
_cGCL
082 0 4 _a796
_bO S
100 1 _aOLIVOVA, VERA
245 1 0 _aSTORIES AND GAMES IN THE ANICENT WORLD /
_cOLIVOVA, VERA
260 _a[S.N] :
_bBLOOMSBURY ،
_c1984
300 _a207 P
650 0 4 _aGAMES
650 0 4 _aSPORTS
650 0 4 _aANCIENT WORLD
942 _2ddc
_cBK
999 _c16676
_d16676